| 000 | 00786nam a22002417a 4500 | ||
|---|---|---|---|
| 005 | 20210325214826.0 | ||
| 008 | s2002 f eng d | ||
| 020 | _a0099307200 | ||
| 041 | _aeng | ||
| 050 | _aFIC R44F 2002 | ||
| 100 | 0 | _aReichs, Kathy | |
| 245 | 1 | 0 | _aFatal voyage |
| 260 | 3 |
_aLondon : _bArrow, _c2002 |
|
| 300 |
_a434 p. ; _b 18 cm. |
||
| 650 | 0 | 4 | _aWomen forensic anthopologists -- Fiction |
| 650 | 0 | 4 | _aMystery fiction |
| 650 | 0 | 4 | _aMontreal (Quebec) -- Fiction |
| 650 | 0 | 4 | _aBrennan, Temperance (Fictitious character) -- Fiction |
| 850 | _aNALT | ||
| 942 | _cFIC | ||
| 997 | _c000000000077679 | ||
| 998 | _aนางสาวอรุณทิพย์ จันทร์ดิษฐ์ | ||
| 999 |
_c77679 _d77679 |
||